| 000 | 00612nam a2200193Ia 4500 | ||
|---|---|---|---|
| 008 | 160105s9999 xx 000 0 und d | ||
| 020 | _a2-7380-1210-8 | ||
| 041 | _afre | ||
| 245 | _aLa république algérienne démocratique et populaire | ||
| 260 | _aParis | ||
| 260 | _bPUF | ||
| 260 | _c1979 | ||
| 490 | _aPublications de la faculté de droit et des sciences économiques de Limoges | ||
| 653 | _aREVOLUTION/ INDEPENDANCE/ CULTURE/ ISLAM | ||
| 654 | _xPAYS ARABES/HISTOIRE/POLITIQUE/ECONOMIE/SOCIALISME/DEVELOPPEMENT AGRICOLE/ALGERIE | ||
| 942 | _c09 | ||
| 994 | _a104532 | ||
| 999 |
_c4495 _d32493 |
||